| 000 | 01066nam0a22003011 4500 | ||
|---|---|---|---|
| 001 | rc\4383996 | ||
| 005 | 20250612065705.0 | ||
| 021 |
_aRU _b[67-40349] |
||
| 035 | _a(NLR Aleph) 008549768 | ||
| 090 |
_a8399045 _c8399045 |
||
| 100 | _a20130416d1967 |||y0rusy50 ca | ||
| 101 | 1 |
_arus _cjpn |
|
| 102 | _aRU | ||
| 105 | _ay z ||||| | ||
| 200 | 1 |
_aВремена Хокусая _eСборник япон. науч. фантастики _fПер. с яп. [З. Рахима _gПредисл. С. Гансовского] |
|
| 210 |
_aМосква _cМир _d1967 |
||
| 215 |
_a287 с. _d16 |
||
| 225 | 1 | _aЗарубежная фантастика | |
| 300 | _aНа обороте тит. л. сост.: П. Петров | ||
| 608 |
_aНаучно-фантастические романы и рассказы (х. л.) _2psbo |
||
| 702 | 1 |
_aГансовский _bС. _4080 |
|
| 702 | 1 |
_aПетров _bП. _4220 |
|
| 702 | 1 |
_aРахима _bЗ. _4730 |
|
| 801 | 0 |
_aRU _bNLR _gpsbo |
|
| 801 | 1 |
_aRU _bELAR _2rusmarc |
|
| 852 |
_aNLR _j67-2/1552 |
||
| 942 | _cBOOK | ||
| 980 | _aNB | ||